[Event "EYCC 2024 - G10"]
[Site "?"]
[Date "2024.08.23"]
[Round "2.7"]
[White "Aragonda, Sahasra"]
[Black "Stricova, Viktoria Lea"]
[Result "1-0"]
[BlackElo "1527"]
[WhiteElo "1617"]
[LiveChessVersion "1.4.8"]

1. d4 {[%clk 1:30:57]} d5 {[%clk 1:30:40]} 2. Nf3 {[%clk 1:31:21]} Nf6
{[%clk 1:30:37]} 3. e3 {[%clk 1:31:44]} c5 {[%clk 1:29:53]} 4. b3
{[%clk 1:31:52]} cxd4 {[%clk 1:29:32]} 5. exd4 {[%clk 1:32:02]} Bg4
{[%clk 1:26:53]} 6. Nbd2 {[%clk 1:31:23]} e6 {[%clk 1:23:58]} 7. Bb2
{[%clk 1:31:03]} Bd6 {[%clk 1:20:36]} 8. Be2 {[%clk 1:28:19]} O-O
{[%clk 1:11:07]} 9. O-O {[%clk 1:25:58]} Nc6 {[%clk 1:04:42]} 10. Ne5
{[%clk 1:23:31]} Bxe2 {[%clk 1:01:41]} 11. Qxe2 {[%clk 1:23:44]} Rc8
{[%clk 0:53:35]} 12. a3 {[%clk 1:19:17]} Qc7 {[%clk 0:42:22]} 13. f4
{[%clk 1:17:52]} Qb6 {[%clk 0:40:24]} 14. Ndf3 {[%clk 1:11:44]} Rc7
{[%clk 0:31:36]} 15. Qd3 {[%clk 1:02:27]} Rfc8 {[%clk 0:27:10]} 16. Rac1
{[%clk 0:52:55]} Ne4 {[%clk 0:23:16]} 17. c4 {[%clk 0:46:09]} Bxe5
{[%clk 0:16:04]} 18. fxe5 {[%clk 0:42:01]} a6 {[%clk 0:13:57]} 19. c5
{[%clk 0:41:28]} Qa7 {[%clk 0:13:26]} 20. Nd2 {[%clk 0:40:35]} Nxd2
{[%clk 0:11:53]} 21. Qxd2 {[%clk 0:40:57]} Rf8 {[%clk 0:11:24]} 22. b4
{[%clk 0:40:08]} Qa8 {[%clk 0:09:19]} 23. Qg5 {[%clk 0:38:21]} Qd8
{[%clk 0:06:38]} 24. Qg3 {[%clk 0:37:23]} f6 {[%clk 0:05:40]} 25. exf6
{[%clk 0:37:38]} Rcf7 {[%clk 0:04:47]} 26. fxg7 {[%clk 0:33:35]} Rxg7
{[%clk 0:04:47]} 27. Qh3 {[%clk 0:31:14]} Qg5 {[%clk 0:03:09]} 28. Qxe6+
{[%clk 0:31:05]} Rff7 {[%clk 0:01:42]} 29. Qe8+ {[%clk 0:30:57]} Rf8
{[%clk 0:00:48]} 30. Qe6+ Rff7 31. Qe8+ Rf8 32. Qxf8# 1-0